[Event "89 Bristol Championship"]
[Site "The Great Hall, Bristol Gramm"]
[Date "2023.04.02"]
[Round "5.6"]
[White "Dilleigh, Stephen P"]
[Black "Gomez, Daniel"]
[Result "1/2-1/2"]
[WhiteElo "2047"]
[BlackElo "1923"]
[PlyCount "54"]
[EventDate "2023.03.31"]
[EventRounds "5"]
[EventCountry "ENG"]

1. Nf3 d5 2. d4 Nf6 3. c4 e6 4. Nc3 c6 5. e3 Nbd7 6. Qc2 Bd6 7. Bd3 O-O 8. O-O
dxc4 9. Bxc4 b5 10. Be2 Bb7 11. Rd1 Qe7 12. e4 e5 13. dxe5 Nxe5 14. Nd4 Bc5 15.
Nf5 Qc7 16. Be3 Bxe3 17. Nxe3 Rac8 18. Rac1 Qb8 19. h3 Ng6 20. Ng4 Nxg4 21.
Bxg4 Rcd8 22. Rxd8 Rxd8 23. Rd1 Rxd1+ 24. Qxd1 c5 25. Nxb5 Bxe4 26. Nd6 Bc6 27.
Nc4 Nf4 1/2-1/2

[Event "89 Bristol Championship"]
[Site "The Great Hall, Bristol Gramm"]
[Date "2023.04.02"]
[Round "5.7"]
[White "Liu, Jack"]
[Black "Arkell, Keith C"]
[Result "0-1"]
[WhiteElo "1847"]
[BlackElo "2395"]
[PlyCount "174"]
[EventDate "2023.03.31"]
[EventRounds "5"]
[EventCountry "ENG"]

1. e4 c6 2. d4 d5 3. e5 c5 4. dxc5 Nc6 5. Bb5 e6 6. Be3 Bd7 7. Bxc6 Bxc6 8. Nf3
Ne7 9. c3 Nf5 10. Bd4 Nxd4 11. cxd4 b6 12. Nc3 bxc5 13. O-O Rb8 14. Rb1 Be7 15.
dxc5 Bxc5 16. Nd4 Bd7 17. Kh1 O-O 18. Nb3 Bb6 19. Qd2 f6 20. exf6 Qxf6 21. f3
Bc6 22. Rfe1 Bc7 23. Qe2 Rbe8 24. g3 d4 25. Ne4 Bxe4 26. Qxe4 e5 27. Kg2 Rf7
28. Rbc1 Bb6 29. Rc6 Qd8 30. Rec1 Rd7 31. Qd3 Qe7 32. Nd2 Qf7 33. b3 h6 34. Ne4
Red8 35. R1c2 Kh8 36. Nf2 Rf8 37. Ng4 Qf5 38. Qxf5 Rxf5 39. Rd2 d3 40. Rc3 h5
41. Nf2 Bxf2 42. Kxf2 e4 43. f4 Re7 44. Ke3 Rf8 45. Rc4 Rfe8 46. Rd1 g6 47. h3
Kg7 48. Rc6 Re6 49. Rc4 Kf6 50. Rc5 R8e7 51. Rd2 Kf7 52. Rc8 g5 53. Rc5 gxf4+
54. gxf4 h4 55. Rh5 Re8 56. Rh7+ Kg8 57. Rxh4 Rg6 58. Rg4 Kf7 59. Rdg2 Rh6 60.
h4 Kf6 61. Rg1 Rd8 62. Kxe4 d2 63. Rd1 Rh7 64. Kf3 Re7 65. Rgg1 Rd3+ 66. Kf2
Kf5 67. Rg3 Rd4 68. Re3 Red7 69. Ke2 Rg7 70. Rf3 Rg2+ 71. Kf1 Rh2 72. Kg1 Re2
73. Rf2 Re1+ 74. Rf1 Rxd1 75. Rxd1 Ke4 76. Kf2 Kd3 77. Kf3 Kc2 78. Rh1 d1=Q+
79. Rxd1 Rxd1 80. f5 Kb2 81. Kf4 Kxa2 82. Kg5 Kxb3 83. f6 a5 84. h5 a4 85. Kg6
a3 86. h6 a2 87. h7 Rd8 0-1

[Event "89 Bristol Championship"]
[Site "The Great Hall, Bristol Gramm"]
[Date "2023.04.02"]
[Round "5.8"]
[White "Chaplin, Peter E"]
[Black "Fowler, Hugo"]
[Result "0-1"]
[WhiteElo "2019"]
[BlackElo "1878"]
[PlyCount "42"]
[EventDate "2023.03.31"]
[EventRounds "5"]
[EventCountry "ENG"]

1. b3 e5 2. Bb2 Nc6 3. e3 d5 4. Bb5 Bd6 5. f4 f6 6. Qh5+ g6 7. Qh4 exf4 8. Nc3
fxe3 9. O-O-O a6 10. Bxc6+ bxc6 11. Nf3 Be6 12. Rhe1 Qd7 13. Rxe3 O-O-O 14. Qa4
Kb7 15. Rde1 Bf7 16. Qa5 c5 17. Na4 Qb5 18. Qxb5+ axb5 19. Ng5 Rd7 20. Nxf7
Rxf7 21. Re8 bxa4 0-1

[Event "89 Bristol Championship"]
[Site "The Great Hall, Bristol Gramm"]
[Date "2023.04.02"]
[Round "5.9"]
[White "Walker, Max"]
[Black "Khoury, Theo"]
[Result "0-1"]
[WhiteElo "1830"]
[BlackElo "2004"]
[PlyCount "102"]
[EventDate "2023.03.31"]
[EventRounds "5"]
[EventCountry "ENG"]

1. e4 c5 2. Nf3 d6 3. d4 cxd4 4. Nxd4 Nf6 5. Nc3 a6 6. h3 e5 7. Nde2 h5 8. g3
Be7 9. a4 Be6 10. Bg2 O-O 11. O-O Nbd7 12. Be3 Qc7 13. Nd5 Bxd5 14. exd5 b5 15.
f4 Rfe8 16. Kh2 Bf8 17. fxe5 Nxe5 18. Bd4 Qc4 19. Rxf6 gxf6 20. Nf4 Qc8 21.
Nxh5 Bg7 22. axb5 axb5 23. Rxa8 Qxa8 24. Qf1 Qa4 25. c3 Qc2 26. Nxf6+ Bxf6 27.
Qxf6 Qg6 28. Qxg6+ fxg6 29. g4 Nd3 30. Bf1 Nxb2 31. Bxb5 Rb8 32. Bd7 Kh7 33.
Kg3 Nd3 34. h4 Rb7 35. Be6 Nc5 36. Bxc5 dxc5 37. d6 Kg7 38. d7 Rb8 39. g5 Kf8
40. Bd5 Ke7 41. Kg4 Kxd7 42. h5 gxh5+ 43. Kxh5 Kd6 44. c4 Ke5 45. Kg6 Rb6+ 46.
Kh5 Kf5 47. Bg8 Rb2 48. Bh7+ Kf4 49. Bg8 Rg2 50. Be6 Rxg5+ 51. Kh6 Rg1 0-1

[Event "89 Bristol Championship"]
[Site "The Great Hall, Bristol Gramm"]
[Date "2023.04.02"]
[Round "5.10"]
[White "Garcia-Ruiz, Aitor"]
[Black "Vijayakumar, Rishi"]
[Result "1-0"]
[WhiteElo "2077"]
[BlackElo "1843"]
[PlyCount "63"]
[EventDate "2023.03.31"]
[EventRounds "5"]
[EventCountry "ENG"]

1. d4 Nf6 2. c4 e6 3. Nc3 Bb4 4. f3 O-O 5. a3 Bxc3+ 6. bxc3 d5 7. cxd5 exd5 8.
e3 c5 9. Bd3 b6 10. Ne2 Bb7 11. O-O Nbd7 12. Ng3 Re8 13. Ra2 Nf8 14. Kh1 Rc8
15. Nf5 g6 16. Nh6+ Kg7 17. e4 Ne6 18. e5 Nh5 19. g4 Nhf4 20. Nf5+ Kg8 21. Nd6
Rb8 22. Nxe8 Qxe8 23. Bxf4 Nxf4 24. Qd2 g5 25. h4 h6 26. Rf2 Kf8 27. Rh2 Ke7
28. hxg5 hxg5 29. Rh7 Qg8 30. Bf5 Ba6 31. Qh2 Bc4 32. Qh6 1-0

[Event "89 Bristol Championship"]
[Site "The Great Hall, Bristol Gramm"]
[Date "2023.04.02"]
[Round "5.11"]
[White "Davis, Colin J"]
[Black "Mcdougall, William M"]
[Result "1/2-1/2"]
[WhiteElo "1915"]
[BlackElo "2039"]
[PlyCount "115"]
[EventDate "2023.03.31"]
[EventRounds "5"]
[EventCountry "ENG"]

1. Nf3 Nf6 2. b3 g6 3. Bb2 Bg7 4. g3 O-O 5. Bg2 d5 6. c4 c6 7. O-O Re8 8. d4
Bf5 9. Nc3 Ne4 10. Nh4 Nxc3 11. Bxc3 Be6 12. cxd5 cxd5 13. Nf3 Nc6 14. b4 Rc8
15. Qb3 b5 16. Rfd1 h6 17. Ne1 g5 18. h3 a5 19. bxa5 b4 20. Bxb4 Nxd4 21. Rxd4
Bxd4 22. Rd1 Bf6 23. Bxd5 Bxd5 24. Rxd5 Qc7 25. Rc5 Qb7 26. Nc2 Qe4 27. Qd3
Qxd3 28. exd3 Rxc5 29. Bxc5 Rc8 30. d4 e5 31. a6 exd4 32. a7 d3 33. Ne3 Be5 34.
Kf1 Bc7 35. Nc4 Re8 36. Be3 f5 37. f4 gxf4 38. gxf4 Kf7 39. a4 Ke6 40. Nb2 Kd5
41. Nxd3 Kc4 42. Ke2 Bd6 43. Kd2 Kd5 44. Ke2 Kc6 45. Kf3 Kb7 46. Nc5+ Ka8 47.
Nd7 Kb7 48. Bd4 Bc7 49. Bf2 Rd8 50. Nc5+ Ka8 51. Ne6 Rc8 52. Ng7 Rf8 53. Ne6
Rf7 54. Nxc7+ Rxc7 55. a5 Rc3+ 56. Kg2 Ra3 57. Bb6 Rb3 58. Kh2 1/2-1/2

[Event "89 Bristol Championship"]
[Site "The Great Hall, Bristol Gramm"]
[Date "2023.04.02"]
[Round "5.12"]
[White "Meek, Stephen J"]
[Black "Turner, Joseph D"]
[Result "1/2-1/2"]
[WhiteElo "1965"]
[BlackElo "1867"]
[PlyCount "67"]
[EventDate "2023.03.31"]
[EventRounds "5"]
[EventCountry "ENG"]

1. e4 e5 2. Bc4 Nf6 3. d3 c6 4. Nf3 d5 5. Bb3 dxe4 6. Ng5 Bg4 7. Bxf7+ Ke7 8.
Qd2 Qd4 9. Bb3 h6 10. Nf7 Rh7 11. c3 Qxd3 12. Nxe5 Qxd2+ 13. Nxd2 Bf5 14. O-O
Nbd7 15. Nxd7 Kxd7 16. Nc4 g5 17. Be3 Nd5 18. Rad1 Kc7 19. Bd4 b5 20. Be5+ Kb7
21. Na5+ Kb6 22. Nxc6 Nf4 23. Nd4 Bg4 24. f3 exf3 25. Nxf3 Bc5+ 26. Kh1 Re8 27.
Bxf4 gxf4 28. Rd2 Rhe7 29. Bd1 h5 30. h3 Rh8 31. Nh2 Be3 32. Rd6+ Kc7 33. Rd5
Kc6 34. c4 1/2-1/2

[Event "89 Bristol Championship"]
[Site "The Great Hall, Bristol Gramm"]
[Date "2023.04.02"]
[Round "5.13"]
[White "Baer, Bruce L"]
[Black "Pal, Rohan"]
[Result "1/2-1/2"]
[WhiteElo "1963"]
[BlackElo "1817"]
[PlyCount "79"]
[EventDate "2023.03.31"]
[EventRounds "5"]
[EventCountry "ENG"]

1. Nf3 d5 2. g3 Nf6 3. Bg2 c6 4. O-O Bf5 5. d3 h6 6. Nbd2 e6 7. Qe1 Be7 8. e4
Bh7 9. e5 Nfd7 10. h4 O-O 11. Qe2 c5 12. Re1 Nc6 13. Nf1 b5 14. N1h2 Qc7 15.
Ng4 Rfc8 16. Bf4 Kh8 17. Qd2 Qa5 18. c3 b4 19. Bxh6 gxh6 20. Nxh6 Rf8 21. c4
Qd8 22. cxd5 exd5 23. Qf4 f6 24. e6 Nde5 25. Nxe5 Nxe5 26. Nf5 Rg8 27. Rad1 Rg4
28. Qh6 Bf8 29. e7 Qxe7 30. Nxe7 Bxh6 31. Nxd5 Rf8 32. Nxf6 Rxf6 33. Rxe5 Rd6
34. Rxc5 Rxd3 35. Re1 Rd8 36. Re6 Bg7 37. Rh5 Kg8 38. Bd5 Kf8 39. Bf3 Rg6 40.
Re2 1/2-1/2

[Event "89 Bristol Championship"]
[Site "The Great Hall, Bristol Gramm"]
[Date "2023.04.02"]
[Round "5.14"]
[White "Murawski, Jan"]
[Black "Kett, Timothy J"]
[Result "0-1"]
[WhiteElo "1726"]
[BlackElo "2124"]
[PlyCount "63"]
[EventDate "2023.03.31"]
[EventRounds "5"]
[EventCountry "ENG"]

1. d4 Nf6 2. c4 c5 3. d5 e6 4. Nc3 exd5 5. cxd5 d6 6. e4 g6 7. Bb5+ Nbd7 8. a4
Bg7 9. Bf4 Qe7 10. Qf3 O-O 11. Nge2 Nh5 12. O-O Ne5 13. Bxe5 Bxe5 14. Qe3 f5
15. f4 Bg7 16. Kh1 fxe4 17. Qxe4 Qh4 18. g3 Qh3 19. Qe7 Bg4 20. Qe3 a6 21. Bc4
Bd4 22. Qd3 Bf5 23. Qf3 Rae8 24. Ng1 Qg4 25. Be2 Qxf3+ 26. Bxf3 Nf6 27. Nge2
Bh3 28. Bg2 Bxg2+ 29. Kxg2 Nxd5 30. Nxd4 Ne3+ 31. Kf2 cxd4 32. Rfe1 0-1

[Event "89 Bristol Championship"]
[Site "The Great Hall, Bristol Gramm"]
[Date "2023.04.02"]
[Round "5.15"]
[White "Gallagher, Ian G"]
[Black "Bennett, Tom"]
[Result "1-0"]
[WhiteElo "2042"]
[BlackElo "1678"]
[PlyCount "39"]
[EventDate "2023.03.31"]
[EventRounds "5"]
[EventCountry "ENG"]

1. d4 Nf6 2. Bg5 e6 3. e4 Be7 4. Nd2 b6 5. Bxf6 Bxf6 6. e5 Be7 7. Qg4 g6 8. Bd3
Bb7 9. Ngf3 d6 10. h4 h5 11. Qf4 Nc6 12. O-O-O Qd7 13. Rhe1 Nb4 14. Bc4 Qa4 15.
Bb3 Qc6 16. Ne4 Qd7 17. Nf6+ Bxf6 18. Qxf6 Rf8 19. exd6 cxd6 20. Bxe6 1-0

[Event "89 Bristol Championship"]
[Site "The Great Hall, Bristol Gramm"]
[Date "2023.04.02"]
[Round "5.16"]
[White "Freeman, Richard Cp"]
[Black "Zurba, Jonas"]
[Result "1-0"]
[WhiteElo "2018"]
[BlackElo "1565"]
[PlyCount "41"]
[EventDate "2023.03.31"]
[EventRounds "5"]
[EventCountry "ENG"]

1. e4 c5 2. Nc3 Nc6 3. f4 g6 4. Nf3 Bg7 5. Bb5 a6 6. Bxc6 bxc6 7. d3 e6 8. O-O
Ne7 9. Kh1 O-O 10. Na4 d6 11. c4 Rb8 12. Rb1 Qc7 13. b3 d5 14. Nxc5 dxc4 15.
dxc4 Rd8 16. Qe2 e5 17. Nxe5 Bxe5 18. fxe5 Qxe5 19. Bf4 Qxc5 20. Bxb8 Qb4 21.
Bf4 1-0

[Event "89 Bristol Championship"]
[Site "The Great Hall, Bristol Gramm"]
[Date "2023.04.02"]
[Round "5.17"]
[White "Clarke, James"]
[Black "Mize, Dylan"]
[Result "1-0"]
[WhiteElo "1640"]
[BlackElo "1714"]
[PlyCount "126"]
[EventDate "2023.03.31"]
[EventRounds "5"]
[EventCountry "ENG"]

1. e4 c6 2. d4 d5 3. e5 Bf5 4. Nf3 e6 5. Be2 Ne7 6. O-O Nd7 7. Nbd2 Ng6 8. Re1
Be7 9. c4 O-O 10. Nf1 f6 11. exf6 Nxf6 12. Ng3 Bg4 13. Ng5 Bxe2 14. Qxe2 Qd7
15. Qxe6+ Qxe6 16. Nxe6 Rf7 17. b3 Bb4 18. Re2 Bc3 19. Rb1 Re8 20. Ba3 b5 21.
cxb5 cxb5 22. Bc5 b4 23. Ng5 Rc7 24. Rxe8+ Nxe8 25. Nf5 Rc6 26. Rc1 h6 27. Nf3
Ra6 28. Rc2 Nf4 29. Ne7+ Kh7 30. g3 Nd3 31. Nxd5 Nxc5 32. dxc5 Rc6 33. Nxc3
Rxc5 34. Nd4 bxc3 35. Ne2 Rd5 36. Rxc3 Rd2 37. Re3 Nd6 38. a4 Rb2 39. Nd4 Rd2
40. Nc6 a6 41. Nb4 Nf5 42. Rd3 Nd4 43. Rxd2 Nf3+ 44. Kg2 Nxd2 45. Nxa6 Nxb3 46.
Kf3 Kg6 47. Ke4 Kf6 48. f4 Ke6 49. Nc7+ Kd7 50. Nd5 Kd6 51. Nc3 Ke6 52. Kd3 Na5
53. Kd4 g5 54. fxg5 hxg5 55. Kc5 Nb7+ 56. Kb6 Nd6 57. Kc6 Nc4 58. Ne4 g4 59.
Kb5 Na3+ 60. Kc5 Ke5 61. Nf2 Nc2 62. Nxg4+ Ke4 63. a5 Nd4 1-0

[Event "89 Bristol Championship"]
[Site "The Great Hall, Bristol Gramm"]
[Date "2023.04.02"]
[Round "5.18"]
[White "Nendick, Philip Hc"]
[Black "Green, Michael"]
[Result "1-0"]
[WhiteElo "1906"]
[BlackElo "1988"]
[PlyCount "147"]
[EventDate "2023.03.31"]
[EventRounds "5"]
[EventCountry "ENG"]

1. d4 Nf6 2. c4 c5 3. Nf3 cxd4 4. Nxd4 b6 5. Nc3 Bb7 6. f3 d6 7. e4 e6 8. Be2
Be7 9. O-O O-O 10. Be3 a6 11. Qd2 Qc7 12. Rac1 Rc8 13. Rfd1 Nbd7 14. Bf1 Rab8
15. Qf2 Ba8 16. b3 Qd8 17. Rc2 Ne5 18. h3 Nc6 19. Nxc6 Rxc6 20. Rcd2 Qc7 21. a4
h5 22. f4 d5 23. exd5 exd5 24. Nxd5 Nxd5 25. cxd5 Rd6 26. Bxa6 Qd8 27. Bc4 Rb7
28. Qf3 Rbd7 29. Qxh5 Bf6 30. Rd3 Qe7 31. Qf3 Rd8 32. Bc1 R6d7 33. Bb5 Rxd5 34.
Rxd5 Rxd5 35. Rxd5 Bxd5 36. Qxd5 Qe1+ 37. Kh2 Qxc1 38. Qe4 g5 39. fxg5 Qxg5 40.
Qg4 Be5+ 41. g3 Qxg4 42. hxg4 Kg7 43. Kg2 Kh6 44. Kf3 Kg5 45. Bd7 Kf6 46. Ke4
Bxg3 47. Kd5 Bc7 48. Kc6 Bd8 49. b4 Ke7 50. Bf5 f6 51. b5 Ke8 52. a5 bxa5 53.
b6 Bxb6 54. Kxb6 a4 55. Kc6 a3 56. Bb1 Kf7 57. Kd5 a2 58. Bxa2 Kg6 59. Ke4 Kg5
60. Be6 Kg6 61. Bf5+ Kf7 62. Kd5 Kg7 63. Ke6 Kh6 64. Kd5 Kg5 65. Ke4 Kh6 66.
Kf4 Kg7 67. Bd3 Kh6 68. Kf5 Kg7 69. Bc4 Kh6 70. Kxf6 Kh7 71. Bd3+ Kg8 72. g5
Kh8 73. g6 Kg8 74. Bc4+ 1-0

[Event "89 Bristol Championship"]
[Site "The Great Hall, Bristol Gramm"]
[Date "2023.04.02"]
[Round "5.19"]
[White "Cave, Iwan"]
[Black "Lappin, Benjamin"]
[Result "1-0"]
[WhiteElo "1691"]
[BlackElo "1964"]
[PlyCount "55"]
[EventDate "2023.03.31"]
[EventRounds "5"]
[EventCountry "ENG"]

1. e4 c5 2. Nf3 g6 3. d4 Bg7 4. c3 Qc7 5. Be3 Nf6 6. Nbd2 Ng4 7. Bg5 cxd4 8.
cxd4 d6 9. Rc1 Qd8 10. Qc2 O-O 11. h3 h6 12. Bh4 Nf6 13. Be2 g5 14. Bg3 Nh5 15.
Bh2 Nf4 16. Bxf4 gxf4 17. Nb3 Nc6 18. O-O Qb6 19. Rfd1 Bd7 20. Qd2 Rad8 21.
Qxf4 f5 22. e5 d5 23. Rc3 e6 24. Nh4 Be8 25. Rg3 Kh7 26. Nc5 Bf7 27. Nxf5 Bg6
28. Rxg6 1-0

[Event "89 Bristol Championship"]
[Site "The Great Hall, Bristol Gramm"]
[Date "2023.04.02"]
[Round "5.20"]
[White "Small, Edward P"]
[Black "Timbrell, Matthew"]
[Result "1/2-1/2"]
[WhiteElo "1839"]
[BlackElo "1426"]
[PlyCount "82"]
[EventDate "2023.03.31"]
[EventRounds "5"]
[EventCountry "ENG"]

1. d4 d5 2. Bg5 Nf6 3. e3 e6 4. c4 Be7 5. Nc3 c6 6. Nf3 Nbd7 7. Rc1 O-O 8. cxd5
exd5 9. Bd3 Ne4 10. Bxe7 Qxe7 11. O-O Ndf6 12. Ne5 Be6 13. a3 Rfd8 14. Qc2 Nxc3
15. Qxc3 Nd7 16. Nxd7 Qxd7 17. Qc5 Bf5 18. Bxf5 Qxf5 19. b4 a6 20. Rc3 Re8 21.
Qb6 Qd7 22. Rfc1 h5 23. a4 h4 24. h3 Re6 25. Qa5 Rg6 26. Kh1 Qf5 27. Rf1 Qg5
28. Rg1 Rf6 29. Rf1 Rg6 30. Rg1 Re8 31. b5 axb5 32. axb5 Ree6 33. bxc6 bxc6 34.
Rb3 Rgf6 35. Qa2 Rf5 36. Qc2 Rg6 37. Rb8+ Kh7 38. Rb3 Rf3 39. Rbb1 Rf5 40. Rb3
Qf6 41. Rb2 Qg5 1/2-1/2

[Event "89 Bristol Championship"]
[Site "The Great Hall, Bristol Gramm"]
[Date "2023.04.02"]
[Round "5.21"]
[White "Zhu, Pengxiao"]
[Black "Kent, Alex"]
[Result "1/2-1/2"]
[WhiteElo "1495"]
[BlackElo "1811"]
[PlyCount "80"]
[EventDate "2023.03.31"]
[EventRounds "5"]
[EventCountry "ENG"]

1. d4 Nf6 2. c4 e6 3. Nc3 d5 4. cxd5 exd5 5. Bg5 Be7 6. e3 Bf5 7. Bd3 Bxd3 8.
Qxd3 c6 9. Nge2 h6 10. Bh4 Nbd7 11. O-O O-O 12. f3 a5 13. e4 a4 14. e5 Ne8 15.
Bxe7 Qxe7 16. f4 f5 17. Ng3 g6 18. Rae1 Ng7 19. Kh1 Ne6 20. Nge2 Kg7 21. Rg1 h5
22. Ref1 Nb6 23. Nd1 Nc4 24. b3 axb3 25. axb3 Ra3 26. Nf2 Na5 27. Rb1 Qb4 28.
Qh3 Rxb3 29. Rxb3 Qxb3 30. Ng3 Qb2 31. Qh4 Rf7 32. Nh3 Qb4 33. Ng5 Qe7 34.
Nxe6+ Qxe6 35. Ra1 Nc4 36. Ra8 Rf8 37. Nxh5+ gxh5 38. Qg5+ Kf7 39. Qxh5+ Ke7
40. Qg5+ Kf7 1/2-1/2